La cabaña / (Registro nro. 4138)
[ vista simple ]
| 000 -LEADER | |
|---|---|
| fixed length control field | 01222nam a2200265Ia 4500 |
| 003 - CONTROL NUMBER IDENTIFIER | |
| control field | OSt |
| 005 - DATE AND TIME OF LATEST TRANSACTION | |
| control field | 20250505151449.0 |
| 008 - FIXED-LENGTH DATA ELEMENTS--GENERAL INFORMATION | |
| fixed length control field | 191128t2009 ck er 000 f spa d |
| 020 ## - INTERNATIONAL STANDARD BOOK NUMBER | |
| International Standard Book Number | 9789584221124 |
| 040 ## - CATALOGING SOURCE | |
| Original cataloging agency | CO-JMCR |
| Transcribing agency | CO-JMCR |
| 041 ## - LANGUAGE CODE | |
| Language code of text/sound track or separate title | spa |
| 082 04 - DEWEY DECIMAL CLASSIFICATION NUMBER | |
| Classification number | A-N |
| Item number | YOUc |
| Edition number | 23 |
| 100 1# - MAIN ENTRY--PERSONAL NAME | |
| Personal name | Young, William Paul, |
| Relator term | autor |
| 9 (RLIN) | 8325 |
| 245 13 - TITLE STATEMENT | |
| Title | La cabaña / |
| Statement of responsibility, etc. | William Paul Young |
| 260 ## - PUBLICATION, DISTRIBUTION, ETC. | |
| Place of publication, distribution, etc. | Bogotá : |
| Name of publisher, distributor, etc. | Planeta, |
| Date of publication, distribution, etc. | ©2009 |
| 300 ## - PHYSICAL DESCRIPTION | |
| Extent | 279 Páginas ; |
| Dimensions | 23 cm. |
| 505 0# - FORMATTED CONTENTS NOTE | |
| Formatted contents note | Confluencia de caminos -- La oscuridad se avecina -- El punto de inclinación -- La gran tristeza -- Adivina quién viene a cenar -- Una pieza [pi] --Dios en el muelle -- Un desayuno de campeones -- hace mucho tiempo, en un jardín muy , muy lejano… |
| 520 0# - SUMMARY, ETC. | |
| Summary, etc. | La hija menos de Mackenzie Allen Phillips, Missy, es raptada durante unas vacaciones familiares, y se encuentran evidencias de que pudo haber sido brutalmente asesinada en una cabaña abandonada en lo más profundo de los bosques de oregon. |
| 534 ## - ORIGINAL VERSION NOTE | |
| Introductory phrase | The Shack |
| 650 24 - SUBJECT ADDED ENTRY--TOPICAL TERM | |
| Topical term or geographic name entry element | Novela canadiense |
| 9 (RLIN) | 8326 |
| 650 24 - SUBJECT ADDED ENTRY--TOPICAL TERM | |
| Topical term or geographic name entry element | Niños desaparecidos |
| 9 (RLIN) | 11677 |
| 650 24 - SUBJECT ADDED ENTRY--TOPICAL TERM | |
| Topical term or geographic name entry element | Eventos de cambio de vida |
| 9 (RLIN) | 11678 |
| 700 1# - ADDED ENTRY--PERSONAL NAME | |
| Personal name | Enrique C. Mercado González, |
| Relator term | traductor |
| 9 (RLIN) | 8327 |
| 942 ## - ADDED ENTRY ELEMENTS (KOHA) | |
| Source of classification or shelving scheme | Dewey Decimal Classification |
| Koha item type | Books |
| Withdrawn status | Lost status | Source of classification or shelving scheme | Damaged status | Not for loan | Collection code | Home library | Current library | Shelving location | Date acquired | Source of acquisition | Total Checkouts | Total Renewals | Full call number | Barcode | Date last seen | Date last checked out | Copy number | Price effective from | Koha item type |
|---|---|---|---|---|---|---|---|---|---|---|---|---|---|---|---|---|---|---|---|
| Dewey Decimal Classification | Fiction | Biblioteca Pública José María del Castillo y Rada | Biblioteca Pública José María del Castillo y Rada | General Stacks | 11/28/2019 | Donación | 21 | 17 | A-N YOUc | 201811784 | 01/20/2026 | 08/05/2024 | Ej.1 | 11/28/2019 | Books | ||||
| Dewey Decimal Classification | Fiction | Biblioteca Pública José María del Castillo y Rada | Biblioteca Pública José María del Castillo y Rada | General Stacks | 10/02/2020 | Donación | 16 | 22 | A-N YOUc | 201811777 | 02/18/2026 | 02/18/2026 | Ej.2 | 10/02/2020 | Books | ||||
| Dewey Decimal Classification | Fiction | Biblioteca Pública José María del Castillo y Rada | Biblioteca Pública José María del Castillo y Rada | 11/17/2023 | 1 | 1 | A-N YOUc | 201812100 | 12/11/2023 | 11/17/2023 | Ej.3 | 11/17/2023 | Books |